Estadísticas para Máximos goleadores de la Serie A 2011-2012

Haz click aquí para intentar la prueba.

Estadísticas generales

  • Esta prueba ha sido intentada 14 veces
  • La puntuación promedio es 6 de 11

Estadísticas de respuestas

GolesNacionalidadEquipoJugador% Correcto
23UruguayNapoliEdinson Cavani
100%
28SueciaMilanZlatan Ibrahimović
100%
23ItaliaUdineseAntonio Di Natale
91%
24ArgentinaInternazionaleDiego Milito
91%
12AlemaniaLazioMiroslav Klose
73%
14MontenegroFiorentinaStevan Jovetić
55%
19ArgentinaGenoaRodrigo Palacio
45%
16ItaliaPalermoFabrizio Miccoli
0%
16ArgentinaAtalantaGermán Denis
0%
12ItaliaSienaMattia Destro
0%
15ItaliaParmaSebastian Giovinco
0%

Distribución de puntuación

Porcentaje por número respondido

Porcentaje de gente con cada puntuación

Historial de tus puntuaciones

No has intentado esta prueba.